| Tag |
First Indicator |
Second Indicator |
Subfields |
| LEADER |
00000cam a2200000 a 4500 |
| 001 |
in00000084835 |
| 005 |
20151008054405.0 |
| 008 |
810406s1981 nyuacf b 00110 eng |
| 010 |
|
|
|a 81003716
|
| 020 |
|
|
|a 0070506698
|
| 035 |
|
|
|a (OCoLC)07461454
|
| 040 |
|
|
|a DLC
|c DLC
|d OCL
|d TXA
|d UtOrBLW
|
| 043 |
|
|
|a n-us-hi
|
| 049 |
|
|
|a TXAM
|c 1 [1561002], 2 [804094], 3 [804095]
|
| 050 |
0 |
0 |
|a D767.92
|b P72
|
| 082 |
0 |
|
|a 940.54/26
|2 19
|
| 100 |
1 |
|
|a Prange, Gordon W.
|q (Gordon William),
|d 1910-1980.
|
| 245 |
1 |
0 |
|a At dawn we slept :
|b the untold story of Pearl Harbor /
|c Gordon W. Prange in collaboration with Donald M. Goldstein and Katherine V. Dillon.
|
| 264 |
|
1 |
|a New York :
|b McGraw-Hill,
|c [1981]
|
| 264 |
|
4 |
|c ©1981
|
| 300 |
|
|
|a xvi, 873 pages, 8 unnumbered leaves of plates :
|b illustrations, portraits ;
|c 24 cm.
|
| 336 |
|
|
|a text
|b txt
|2 rdacontent
|
| 337 |
|
|
|a unmediated
|b n
|2 rdamedia
|
| 338 |
|
|
|a volume
|b nc
|2 rdacarrier
|
| 500 |
|
|
|a Includes index.
|
| 504 |
|
|
|a Bibliography: pages 827-838.
|
| 536 |
|
|
|a A gift from the estate of Dwayne Elliott May, Class of '68, April 2002.
|
| 650 |
|
0 |
|a Pearl Harbor (Hawaii), Attack on, 1941.
|
| 700 |
1 |
|
|a Goldstein, Donald M.
|
| 700 |
1 |
|
|a Dillon, Katherine V.
|
| 999 |
|
|
|a MARS
|
| 999 |
f |
f |
|s 4737abfc-1e3c-3b28-864a-ce2b30563e1a
|i 49fb9408-b739-3ee9-aca9-ba4c8c30b272
|t 0
|
| 952 |
f |
f |
|p normal
|a Texas A&M University
|b Galveston Campus
|c Jack K. Williams Library
|d Galveston Stacks
|t 0
|e D767.92 .P72
|h Library of Congress classification
|i unmediated -- volume
|m 33620000362877
|
| 952 |
f |
f |
|p normal
|a Texas A&M University
|b College Station
|c Sterling C. Evans Library
|d Evans: Library Stacks
|t 0
|e D767.92 P72
|h Library of Congress classification
|i unmediated -- volume
|m A14806095204
|
| 998 |
f |
f |
|a D767.92 P72
|t 0
|l Evans: Library Stacks
|
| 998 |
f |
f |
|a D767.92 .P72
|t 0
|l Galveston Stacks
|